000 00650nam a2200193 4500
001 139132
003 ES-MaACL
005 20230906195717.0
007 t|
008 070214s1971 sp r ||||1| spa d
100 1 _aSardina Páramo, Juan Antonio.
_9103795
245 1 3 _aEl cooperativismo en Galicia /
_cJuan Antonio Sardina Páramo.
260 _aSantiago de Compostela :
_bPorto y Cia.,
_c1971.
300 _a213 p. ;
_c19 cm.
490 1 _aBiblioteca Hispánica de Filosofía del Derecho ;
_v7
830 0 _aBiblioteca Hispánica de Filosofía del Derecho ;
_v7
_9183210
852 _aES-MaACL
_jC-45868
_bR.78573
999 _c139132
_d139132